000 00784nam a2200229 u 4500
005 20250409063813.0
008 131202s2008 r 000 0 eng d
020 _a9786077514114
035 _aUPN01000194423
049 _aCG
050 4 _aJC599 M6
_bC6.6 2007
110 2 _aConsejo Nacional para Prevenir la Discriminación (México)
245 1 0 _aInforme anual de actividades y ejercicio presupuestal 2007 /
_ced. Arturo Cosme Valadez.
260 _aMéxico :
_bCONAPRED,
_c2008.
300 _a154 p. :
_bgráfs., cuadros
650 4 _aDerechos humanos
_zMéxico
_95183
650 4 _aDiscriminación
_zMéxico
_921329
610 2 4 _aCONSEJO NACIONAL PARA PREVENIR LA DISCRIMINACION (MEXICO)
700 1 _aCosme Valadez, Arturo,
_eed.
905 _aLibro
999 _c166524
_d166524